Neurónové siete v dolovaní údajov

Konkrétne využitie neurónových sietí, ktoré sú veľmi populárne v mnohých aplikáciách data miningu. Aplikácia neurónových sietí na konkrétnom príklade týkajúceho sa geomagnetického poľa Zeme, resp. jeho porúch.

Saved in:
Bibliographic Details
Main Author: Vavrová, Marianna
Format: Book Chapter
Language:Slovak
Subjects:
Tags: Add Tag
No Tags, Be the first to tag this record!

MARC

LEADER 00000naa$a2200000$$$4500
001 0053379
005 20221124113707.2
041 0 |a slo 
044 |a SK 
245 1 0 |a Neurónové siete v dolovaní údajov  |c Marianna Vavrová 
520 |a Konkrétne využitie neurónových sietí, ktoré sú veľmi populárne v mnohých aplikáciách data miningu. Aplikácia neurónových sietí na konkrétnom príklade týkajúceho sa geomagnetického poľa Zeme, resp. jeho porúch. 
610 2 0 |a dolovanie dát 
610 2 0 |a analýza sieťová 
610 2 0 |a modely nelineárne 
610 2 0 |a siete neurónové 
100 1 |a Vavrová, Marianna